000 01631nam a22003617a 4500
005 20180223121950.0
010 _aB-663898
020 _a9780545393515
_c550.00
035 _aB-663898
037 _adpl
_bPANSY/Ven
082 0 0 _aS
100 1 _aStilton, Geronimo
245 1 4 _aThe Dragon Prophecy :
_bthe fourth adventure in the Kingdom of Fantasy /
_cby Geronimo Stilton ; [illustrations by Danilo Barozzi, Silvia Bigolin, and Giuseppe Giundani ; translated by Julia Heim].
260 _aNew York
_bScholastic Inc.,
_c2015
270 _a557 Broadway
_bNew York
_eNY 10012
300 _a310p.:
_bcol.ill
_c20cm(Hb)
490 0 _aGeronimo Stilton
500 _a"Original title Quarto Viaggo nel Regno della Fantasia"--T.p. verso.
520 _aPrincess Sterling sends the Dragon of the Rainbow and Scribblehopper to bring Geronimo Stilton back the the Kingdom of Fantasy, because he is the hero in the dragon prophecy who will find the stolen dragon egg and restore harmony to the kingdom.
600 1 0 _aStilton, Geronimo
_vJuvenile fiction.
650 0 _aMice
_vJuvenile fiction.
650 0 _aDragons
_vJuvenile fiction.
650 0 _aQuests (Expeditions)
_vJuvenile fiction.
650 1 _aMice
_vFiction.
650 1 _aDragons
_vFiction.
650 1 _aAdventure and adventurers
_vFiction.
700 1 _aBarozzi, Danilo,
_eill.
700 1 _aBigolin, Silvia,
_eill.
700 1 _aGiundani, Giuseppe,
_eill.
700 1 _aHeim, Julia.
942 _2ddc
_cCH
_hS
_mSTI
999 _c150128
_d150128